Sciat ut Serviat: 1924, 1949, 2009
Saved in:
| Hovedforfatter: | |
|---|---|
| Institution som forfatter: | |
| Andre forfattere: | |
| Format: | Bog |
| Sprog: | fransk engelsk spansk |
| Udgivet: |
París
Foederatio Internationalis Universitatum Catholicarum
2009
|
| Fag: | |
| Tags: |
Tilføj Tag
Ingen Tags, Vær først til at tagge denne postø!
|
MARC
| LEADER | 00000nam a2200000 a 4500 | ||
|---|---|---|---|
| 001 | UCG1201 | ||
| 003 | CL-VaPUC | ||
| 008 | 100422e20090000FR |||||||||||||||||fre|d | ||
| 041 | 0 | 7 | |a fre |2 CL-VaPUC |
| 041 | 0 | 7 | |a eng |2 CL-VaPUC |
| 041 | 0 | 7 | |a spa |2 CL-VaPUC |
| 082 | 0 | 4 | |a 291.75 |b THI |2 21 |
| 100 | 0 | |a Thivierge, Guy-Réal |e author |9 548972 | |
| 700 | |a Jarton, Michèle |e autora |9 548973 | ||
| 110 | 2 | |a Foederatio Internationalis Universitatum Catholicarum |e author |9 548974 | |
| 245 | 1 | 0 | |a Sciat ut Serviat: 1924, 1949, 2009 |
| 300 | |a 407 p | ||
| 942 | |c BK | ||
| 945 | |d 20100422 00:00:00 |a dcastane | ||
| 260 | |a París |b Foederatio Internationalis Universitatum Catholicarum |c 2009 | ||
| 500 | |a Incluye separata leyendas | ||
| 600 | 0 | 7 | |a FIUC FOEDERATIO INTERNATIONALIS UNIVERSITATUM CATHOLICARUM |2 CL-VaPUC |9 548975 |
| 650 | 0 | |a Cristianismo y cultura |9 315246 | |
| 650 | 7 | |a FE Y CULTURA |2 CL-VaPUC |9 548976 | |
| 650 | 7 | |a HUMANISMO SOCIAL |2 CL-VaPUC |9 548977 | |
| 650 | 0 | |a Educación superior |9 223851 | |
| 583 | |a last modification |c 20170727 04:38:29 |k Rodrigo Vera | ||
| 999 | |c 340610 |d 340608 | ||
| 952 | |0 0 |1 0 |4 0 |6 291_750000000000000_THI_2009 |7 0 |8 F |9 435470 |a BIBTEO |b BIBTEO |d 2019-11-22 |i 4663217 |o 291.75 THI 2009 |p 4663217 |r 2025-01-17 |w 2019-11-22 |y BK_F |k ICR | ||